000
00297 a2200145 4500
001
178479
020
_a
040
_c
Magnum
100
_a
Rodrigues,m Frances
240
1
0
_a
A onca valenina
_l
por
245
1
0
_a
A onca valenina
362
0
_a
1899
697
_a
MAGNITO: I/ANIMAIS
942
_c
BK
999
_c
178479
_d
178479